• 首页
  • 本馆介绍
  • 公告通知
  • 最新文献
  • 馆藏检索
  • 电子资源
  • 读者荐购
  • 参考咨询
  • CALIS
  • 我的图书馆
  • 登录
  • 详细信息显示
  • 放入我的书架
  • 预约/预借图书
  • 作者相关作品
  • 分类相关作品
  • 丛书相关作品
  • 出版社相关作品

书目信息

  • 表格格式
  • 工作单格式
  • 卡片格式
题名:
一九五七年的中国
    
 
作者: 朱地 著
分册:  
出版信息: 北京   华文出版社  2005.03
页数: 334页
开本: 24cm
丛书名:
单 册:
中图分类: D651.6
科图分类:
主题词: 反右派斗争--fan you pai dou zheng--史料--1957 , 整风运动--zheng feng yun dong--中国共产党--1957
电子资源:
ISBN: 7-5075-1844-2
 
 
 
 
 
000 00963nam0 2200253 450
001 012007835517
005 20071108185039.06
010    @a7-5075-1844-2@dCNY28.00
100    @a20071108d2005 km y0chiy0120 ea
101 0  @achi
102    @aCN@b110000
105    @aa a 000yy
106    @ar
200 1  @a一九五七年的中国@Ayi jiu wu qi nian de zhong guo@f朱地著@Fzhu di zhu
210    @a北京@c华文出版社@d2005.03
215    @a334页@c图@d24cm
320    @a有书目。
330    @a1957年,共和国的政治经历了一场由和风细雨到急风暴雨的大转折,从此中国政治背离了中共八大规定的路线,逐渐重新走上了以阶级斗争为纲的轨道。这种翻云覆雨的变化,其中原因,至今仍然令一些人迷惑不解。本书将从历史的源头谈起,以廓清这段历史之谜。
606 0  @a反右派斗争@Afan you pai dou zheng@x史料@z1957
606 0  @a整风运动@Azheng feng yun dong@x中国共产党@z1957
690    @aD651.6@v4
701  0 @a朱地@Azhu di@4著
801  0 @aCN@b@c20071108
905    @b266647-49@dD651.6@eZ833@f3
    
    一九五七年的中国/朱地著.-北京:华文出版社,2005.03
    334页:图;24cm
    
    
    ISBN 7-5075-1844-2:CNY28.00
    1957年,共和国的政治经历了一场由和风细雨到急风暴雨的大转折,从此中国政治背离了中共八大规定的路线,逐渐重新走上了以阶级斗争为纲的轨道。这种翻云覆雨的变化,其中原因,至今仍然令一些人迷惑不解。本书将从历史的源头谈起,以廓清这段历史之谜。
●
相关链接 在E读中查询图书 在当当中查询图书 在豆瓣中查询图书


正题名:一九五七年的中国     索取号:D651.6/Z833         预约/预借

序号 登录号 条形码 馆藏地/架位号 状态 备注
1 266647   202666472   法学院资料室/ [索取号:D651.6/Z833] 在馆    
2 266648   202666481   社科库509/509社科库 75排5列3层/ [索取号:D651.6/Z833] 在馆    
3 266649   202666490   社科库509/509社科库 75排5列3层/ [索取号:D651.6/Z833] 在馆    
河南城建学院图书馆 欢迎您!
大连网信软件有限公司© 版权所有